Leaders of Irish political parties Quiz Stats

Quiz not verified by Sporcle

Also try: Gimme an 'F'
Challenge
Share
Tweet
Embed
Score 0/6 Timer 04:00
0 Plays Today
Party Answer % Correct
Fine GaelLeo Varadkar
100%
Sinn FeinGerry Adams
83.3%
Labour PartyBrendan Howlin
66.7%
Fianna FailMicheal Martin
50%
Green PartyEamon Ryan
50%
Social DemocratsRoisin Shortall and Catherine Murphy
50%

You're not logged in!

Compare scores with friends on all Sporcle quizzes.
Sign Up with Email
OR
Log In

You Might Also Like...

Show Comments

Extras

Top Quizzes Today


Score Distribution

Your Account Isn't Verified!

In order to create a playlist on Sporcle, you need to verify the email address you used during registration. Go to your Sporcle Settings to finish the process.